LEADER 01348nam a2200277 i 4500 001 000000239623 003 CaOOAMICUS 005 20180830231026.0 008 180830s2012 it u000 u ita u 013 $a218528 020 $a8013147472038 040 $aSeMil$bita 245 10$aFa suonare le campane :$bsu testi di Tonino Bello /$cprefazione Francesco Cacucci, Luigi Ciotti. 260 $aMilano :$bMultimedia San Paolo,$ccopyr. 2012. 300 $a47, [5] p. ;$c21 cm + CD. 490 0 $aPhonostorie : Personaggi 20. secolo. Libro + CD ;$v8 650 4$aBello, Antonio - Scritti, discorsi, omelie, lettere pastorali, etc.$0(OLS)http://semarc/subject/1652 700 1 $aBello, Antonio,$c.$0(OLS)http://semarc/name/4578 700 1 $aCacucci, Francesco,$c.$0(OLS)http://semarc/name/55762 830 0$aPhonostorie : Personaggi 20. secolo. Libro + CD ;$v8.$0(OLS)http://semarc/title/42872 850 $aSeMil 852 $aSeMil$W1$xVenegono$y1$m$j2960$B189969$CSeMilBibl$Z2$F0 $81 961 $aOmaggio: Altro 996 $6020$a8013147472038$9(OLS)http://semarc/number/245711 996 $6245$aFa suonare le campane :$bsu testi di Tonino Bello$9(OLS)http://semarc/title/341241 996 $6260$aMilano :$bMultimedia San Paolo$9(OLS)http://semarc/publisher/38933 LEADER 00592nam a2200169 i 4500 001 000000205270 003 CaOOAMICUS 005 20250521141924.0 008 110818s1931 it u000 u ita u 040 $aSeMil$bita 245 10$a2: Le stelle. 300 $aVIII, 559 p. 773 0 $aArmellini, Giuseppe <1887-1958>$tTrattato di astronomia siderale.$dBologna : Zanichelli, 1928-1936.$gVolume2$w()25331 850 $aSeMil 852 $aSeMil$W1$xVenegono$y1$m3X IV 199$j257346$B155764$CSeMilBibl$Z2$F167099 $81 996 $6245$a2: Le stelle$9(OLS)http://semarc/title/453895